Statistics for RuPaul's Drag Race Winners

Click here to take the quiz!

General Stats

  • This quiz has been taken 72 times
  • The average score is 12 of 13

Answer Stats

Season Queen % Correct
Season 6Bianca Del Rio
97%
Season 3Raja
97%
Season 1Bebe Zahara Benet
96%
Season 2Tyra Sanchez
96%
Season 8Bob The Drag Queen
96%
Season 4Sharon Needles
94%
All Stars 3Trixie Mattel
94%
All Stars 1Chad Michaels
93%
Season 10Aquaria
93%
Season 9Sasha Velour
91%
Season 5Jinkx Monsoon
90%
Season 7Violet Chachki
90%
All Stars 2Alaska Thunderfuck
90%

Score Distribution

Percentile by Number Answered

Percent of People with Each Score

Your Score History

You have not taken this quiz